[Event "Nordic-ch"]
[Site "Bergen"]
[Date "2001.08.09"]
[Round "6"]
[White "Hersvik, Daniel"]
[Black "Carlsen, Magnus"]
[Result "1/2-1/2"]
[WhiteElo "2241"]
[BlackElo "2084"]
[PlyCount "132"]
[EventDate "2001.08.04"]
[EventType "swiss"]
[EventRounds "9"]
[EventCountry "NOR"]

1. Nf3 Nf6 2. g3 b6 3. Bg2 Bb7 4. O-O c5 5. d3 e6 6. e4 d6 7. Nbd2 Nbd7 8. Re1
Be7 9. b3 O-O 10. Bb2 Qc7 11. Nf1 Ne5 12. Nxe5 dxe5 13. Ne3 b5 14. a4 a6 15. h4
Bc6 16. a5 Rfd8 17. Qe2 Nd7 18. Bh3 Nf8 19. Qh5 Ng6 20. Kh2 Be8 21. Qg4 h6 22.
Rg1 Rab8 23. f4 Bf6 24. Raf1 c4 25. f5 exf5 26. exf5 Ne7 27. dxc4 Rd2+ 28. Rg2
Qxa5 29. Rd1 Rxg2+ 30. Bxg2 Qc7 31. Bd5 bxc4 32. Qxc4 Nxd5 33. Rxd5 Qb6 34. Qc5
Qxc5 35. Rxc5 Be7 36. Ra5 f6 37. Nd5 Bf8 38. Rxa6 Bf7 39. Nb6 Rd8 40. Ra8 Rxa8
41. Nxa8 Bd5 42. Nc7 Be4 43. c3 Bxf5 44. b4 Bd3 45. Nd5 Bd6 46. Ne3 f5 47. Bc1
Kf7 48. Kg2 f4 49. Nd1 Ke6 50. Nb2 Be2 51. Kf2 f3 52. Be3 Kd5 53. Bd2 e4 54.
Bf4 Be7 55. Be3 Bf6 56. Na4 Kc4 57. Nb6+ Kxc3 58. Nd5+ Kc4 59. Nxf6 gxf6 60.
Bxh6 Kxb4 61. h5 Bc4 62. Bd2+ Kb3 63. g4 Be6 64. h6 Bg8 65. Ke3 Bh7 66. Be1 Kc4
1/2-1/2

[Event "Nordic-ch"]
[Site "Bergen"]
[Date "2001.08.08"]
[Round "5"]
[White "Stokke, Kjetil"]
[Black "Carlsen, Magnus"]
[Result "1/2-1/2"]
[WhiteElo "2016"]
[BlackElo "2084"]
[PlyCount "23"]
[EventDate "2001.08.04"]
[EventType "swiss"]
[EventRounds "9"]
[EventCountry "NOR"]

1. c4 c5 2. g3 Nc6 3. Bg2 g6 4. Nc3 Bg7 5. a3 d6 6. Rb1 a5 7. Nf3 Nf6 8. O-O
O-O 9. Ne1 Bd7 10. Nc2 Rb8 11. d3 Ne8 12. Bd2 1/2-1/2

[Event "Nordic-ch"]
[Site "Bergen"]
[Date "2001.08.07"]
[Round "4"]
[White "Carlsen, Magnus"]
[Black "Miellet Bensan, Yves"]
[Result "0-1"]
[WhiteElo "2084"]
[BlackElo "2243"]
[PlyCount "102"]
[EventDate "2001.08.04"]
[EventType "swiss"]
[EventRounds "9"]
[EventCountry "NOR"]

1. e4 c5 2. Nf3 Nc6 3. d4 cxd4 4. Nxd4 Nf6 5. Nc3 e5 6. Ndb5 d6 7. Bg5 a6 8.
Na3 b5 9. Bxf6 gxf6 10. Nd5 f5 11. Bd3 Be6 12. O-O Bg7 13. c4 Bxd5 14. cxd5 Nd4
15. exf5 Qg5 16. Nc2 Nxf5 17. Qe2 Ne7 18. a4 bxa4 19. Rxa4 O-O 20. f4 exf4 21.
Raxf4 Ng6 22. Rf5 Qd8 23. Qf2 Qc7 24. Qg3 Rae8 25. Kh1 Qb6 26. h4 Be5 27. Qg4
Bg7 28. h5 Ne5 29. Qg3 h6 30. R5f4 Nxd3 31. Rg4 Qxb2 32. Nd4 Kh8 33. Rxg7 Qxd4
34. Rgxf7 Rxf7 35. Rxf7 Qa1+ 36. Kh2 Qe5 37. Qxe5+ Nxe5 38. Ra7 Rc8 39. Rxa6
Rd8 40. Kg3 Kg7 41. Kf4 Kf6 42. g4 Ke7 43. Ra7+ Kf6 44. Ra6 Nf7 45. Ra7 Rb8 46.
Ra4 Rb5 47. Rd4 Ne5 48. Rd1 Rb4+ 49. Ke3 Nxg4+ 50. Kf3 Ne5+ 51. Ke3 Rb3+ 0-1

[Event "Nordic-ch"]
[Site "Bergen"]
[Date "2001.08.05"]
[Round "2"]
[White "Carlsen, Magnus"]
[Black "Thorhallsson, Throstur"]
[Result "1/2-1/2"]
[WhiteElo "2084"]
[BlackElo "2456"]
[PlyCount "103"]
[EventDate "2001.08.04"]
[EventType "swiss"]
[EventRounds "9"]
[EventCountry "NOR"]

1. d4 Nf6 2. c4 c5 3. d5 b5 4. cxb5 a6 5. f3 axb5 6. e4 Qa5+ 7. Bd2 Qb6 8. Qb3
Ba6 9. Na3 b4 10. Nc4 Qc7 11. a3 e6 12. Qe3 Bxc4 13. Bxc4 Be7 14. dxe6 fxe6 15.
e5 Nd5 16. Qe4 Nc6 17. f4 Nb6 18. Nf3 bxa3 19. Rxa3 Rxa3 20. bxa3 Nxc4 21. Qxc4
Qa7 22. O-O O-O 23. Bc3 g6 24. Rd1 Rb8 25. h4 Rb7 26. h5 Qxa3 27. hxg6 hxg6 28.
Rxd7 Rxd7 29. Qxe6+ Kg7 30. Qxd7 Qxc3 31. Qxc6 Qe3+ 32. Kf1 Qxf4 33. Qb7 Qc4+
34. Kg1 Qe6 35. Qe4 c4 36. Kf1 c3 37. Nd4 Qc4+ 38. Ke1 Qa2 39. Nc2 Qb1+ 40. Ke2
Qb5+ 41. Kf3 Qf1+ 42. Kg3 Qc1 43. Kf3 Bc5 44. Qd3 Kh6 45. Qe4 Qf1+ 46. Kg4 Qd1+
47. Kg3 Kg7 48. Qb7+ Kh6 49. Qe4 Kg7 50. Qb7+ Kh6 51. Qe4 Kg7 52. Qb7+ 1/2-1/2

[Event "Nordic-ch"]
[Site "Bergen"]
[Date "2001.08.04"]
[Round "1"]
[White "Gabrielsen, Stig"]
[Black "Carlsen, Magnus"]
[Result "0-1"]
[WhiteElo "2280"]
[BlackElo "2084"]
[PlyCount "82"]
[EventDate "2001.08.04"]
[EventType "swiss"]
[EventRounds "9"]
[EventCountry "NOR"]

1. Nf3 Nf6 2. d4 d5 3. c4 e6 4. Nc3 Be7 5. e3 O-O 6. Qc2 b6 7. cxd5 exd5 8. Bd3
c5 9. Ne5 Ba6 10. O-O Bxd3 11. Qxd3 Qc7 12. f4 Nc6 13. Rf3 cxd4 14. Nxc6 Qxc6
15. exd4 Rfe8 16. f5 Ne4 17. Bf4 Bf6 18. Nb5 Rec8 19. Rc1 Qd7 20. Rff1 Rxc1 21.
Bxc1 Rc8 22. Be3 a6 23. Na3 Qa4 24. Qb3 Qxb3 25. axb3 Nd6 26. g4 h6 27. Kf2 b5
28. Ra1 b4 29. Nb1 Rc2+ 30. Kf3 Rxb2 31. Nd2 Nb5 32. Rxa6 Nxd4+ 33. Kg3 Nxb3
34. Nf3 Kh7 35. h4 d4 36. Bf4 Nc5 37. Ra7 Ne4+ 38. Kh3 Rf2 39. g5 Rxf3+ 40. Kg4
Rf1 41. Rxf7 hxg5 0-1

[Event "Gausdal Classics IM-A"]
[Site "Gausdal"]
[Date "2001.04.21"]
[Round "8"]
[White "Carlsen, Magnus"]
[Black "Lahlum, Hans Olav"]
[Result "1/2-1/2"]
[WhiteElo "2064"]
[BlackElo "2233"]
[PlyCount "84"]
[EventDate "2001.04.15"]
[EventType "tourn"]
[EventRounds "9"]
[EventCountry "NOR"]

1. e4 e6 2. d4 d5 3. e5 c5 4. c3 Qb6 5. Nf3 Nc6 6. a3 Nh6 7. b4 cxd4 8. cxd4
Nf5 9. Be3 Be7 10. Bd3 Nxe3 11. fxe3 O-O 12. O-O f5 13. exf6 Bxf6 14. Nc3 g6
15. Qc2 Kg7 16. Na4 Qd8 17. Nc5 Ne7 18. g4 Kh8 19. Ne5 Bxe5 20. dxe5 b6 21. Nb3
Rxf1+ 22. Rxf1 Bd7 23. Rf7 Kg8 24. Qf2 Nc6 25. Rf6 Nxe5 26. Be2 Qe7 27. Nd4 Rf8
28. g5 Nf7 29. h4 Nd6 30. Bg4 e5 31. Rxf8+ Qxf8 32. Bxd7 Qxf2+ 33. Kxf2 exd4
34. Be6+ Kf8 35. exd4 Nb5 36. Bxd5 Nxd4 37. Be4 Ke7 38. Ke3 Ne6 39. Bd5 Ng7 40.
Be4 Kd6 41. Kf4 Ne6+ 42. Kg4 Ng7 1/2-1/2

[Event "Gausdal Classics IM-A"]
[Site "Gausdal"]
[Date "2001.04.20"]
[Round "7"]
[White "Petrov, Marijan"]
[Black "Carlsen, Magnus"]
[Result "1/2-1/2"]
[WhiteElo "2425"]
[BlackElo "2064"]
[PlyCount "88"]
[EventDate "2001.04.15"]
[EventType "tourn"]
[EventRounds "9"]
[EventCountry "NOR"]

1. e4 c5 2. c3 d5 3. exd5 Qxd5 4. d4 Nc6 5. Nf3 Bg4 6. Be2 cxd4 7. cxd4 e6 8.
Nc3 Bb4 9. O-O Qa5 10. a3 Bxc3 11. bxc3 Nf6 12. Rb1 O-O 13. Rb5 Qc7 14. h3 Bf5
15. Nh4 Bg6 16. Nxg6 hxg6 17. Bf3 a6 18. Rc5 Nd7 19. Rg5 Ne7 20. Qb3 Rab8 21.
g3 Rbc8 22. Qxb7 Qxb7 23. Bxb7 Rxc3 24. Bd2 Rxa3 25. Bb4 Rb3 26. Bxe7 Re8 27.
Bxa6 Rxe7 28. Rc1 Nf6 29. Rc8+ Re8 30. Rgc5 Rb8 31. Rxe8+ Rxe8 32. Kg2 Rd8 33.
Rc4 Kf8 34. Kf3 Rb8 35. Rc3 Nd5 36. Rc5 Rb4 37. Ke4 Nf6+ 38. Ke3 Rb3+ 39. Ke2
Rb2+ 40. Kf3 Rb4 41. Ke3 Nd5+ 42. Ke4 Nf6+ 43. Ke3 Rb3+ 44. Ke2 Rb2+ 1/2-1/2

[Event "Gausdal Classics IM-A"]
[Site "Gausdal"]
[Date "2001.04.19"]
[Round "5"]
[White "Hitzgerova, Gabriela"]
[Black "Carlsen, Magnus"]
[Result "1-0"]
[WhiteElo "2255"]
[BlackElo "2064"]
[PlyCount "85"]
[EventDate "2001.04.15"]
[EventType "tourn"]
[EventRounds "9"]
[EventCountry "NOR"]

1. e4 e5 2. Nf3 Nc6 3. Bb5 Nf6 4. Qe2 a6 5. Ba4 Be7 6. O-O b5 7. Bb3 O-O 8. c3
d6 9. h3 Bb7 10. d4 Re8 11. a4 Na5 12. Bc2 Bf8 13. dxe5 dxe5 14. Bg5 Nc4 15. b3
Nd6 16. Rd1 Qe7 17. Nbd2 Bc6 18. Nh2 Qe6 19. a5 b4 20. c4 Nb7 21. Bxf6 Qxf6 22.
Ng4 Qe6 23. Ne3 Bc5 24. Nd5 Rac8 25. Nf3 Nd6 26. Rd2 f6 27. Rad1 Bb7 28. Kh1
Nf7 29. Nh4 Red8 30. Nf5 g6 31. Qg4 Kh8 32. Nh6 Qxg4 33. Nxg4 Bxd5 34. cxd5 Kg7
35. Bd3 Rd6 36. Rc2 Bd4 37. Rdc1 Bc3 38. Ne3 c6 39. Bxa6 Rc7 40. Bc4 cxd5 41.
Nxd5 Rc5 42. a6 Rdc6 43. Ra2 1-0

[Event "Gausdal Classics IM-A"]
[Site "Gausdal"]
[Date "2001.04.19"]
[Round "6"]
[White "Carlsen, Magnus"]
[Black "Caoili, Arianne"]
[Result "1/2-1/2"]
[WhiteElo "2064"]
[BlackElo "2140"]
[PlyCount "68"]
[EventDate "2001.04.15"]
[EventType "tourn"]
[EventRounds "9"]
[EventCountry "NOR"]

1. e4 c5 2. Nf3 e6 3. d4 cxd4 4. Nxd4 a6 5. Nc3 b5 6. Bd3 Qb6 7. Be3 Bc5 8.
Nce2 Nf6 9. O-O Ng4 10. Bd2 e5 11. b4 Bxd4 12. Nxd4 Nxf2 13. Rxf2 Qxd4 14. a4
bxa4 15. Rxa4 Qb6 16. Qh5 O-O 17. b5 d6 18. Ba5 Qb7 19. Rc4 g6 20. Qg5 axb5 21.
Rc7 Qa6 22. Bd2 Qa2 23. Re7 Nd7 24. Bxb5 f6 25. Qh4 Rf7 26. Re8+ Nf8 27. Bh6
Be6 28. Rxa8 Qxa8 29. Rxf6 Qa7+ 30. Kf1 Rxf6+ 31. Qxf6 Qf7 32. Qxf7+ Kxf7 33.
Bc6 Nd7 34. Bxd7 Bxd7 1/2-1/2

[Event "Gausdal Classics IM-A"]
[Site "Gausdal"]
[Date "2001.04.18"]
[Round "4"]
[White "Carlsen, Magnus"]
[Black "Hermansson, Emil"]
[Result "0-1"]
[WhiteElo "2064"]
[BlackElo "2400"]
[PlyCount "68"]
[EventDate "2001.04.15"]
[EventType "tourn"]
[EventRounds "9"]
[EventCountry "NOR"]

1. e4 c6 2. d4 d5 3. e5 Bf5 4. Nf3 e6 5. Be2 Ne7 6. O-O c5 7. c3 Nd7 8. Be3 Nc6
9. Ne1 Qb6 10. Qd2 Be7 11. f4 O-O 12. g4 Be4 13. Bf3 Rac8 14. Qf2 cxd4 15. cxd4
Bxf3 16. Nxf3 Nb4 17. Ne1 Nc2 18. Nxc2 Qxb2 19. Rc1 Rc6 20. Nd2 Rxc2 21. Rxc2
Qxc2 22. Qg3 Rc8 23. Qf2 Rc3 24. Nf1 Qg6 25. Qg2 Rc2 26. Qf3 h5 27. h3 hxg4 28.
hxg4 f6 29. Rc1 Rxc1 30. Bxc1 fxe5 31. fxe5 Qc2 32. Bf4 Qxa2 33. g5 Nf8 34. Ng3
Qa1+ 0-1

[Event "Gausdal Classics IM-A"]
[Site "Gausdal"]
[Date "2001.04.17"]
[Round "3"]
[White "Hersvik, Daniel"]
[Black "Carlsen, Magnus"]
[Result "1/2-1/2"]
[WhiteElo "2195"]
[BlackElo "2064"]
[PlyCount "102"]
[EventDate "2001.04.15"]
[EventType "tourn"]
[EventRounds "9"]
[EventCountry "NOR"]

1. c4 Nf6 2. Nc3 c5 3. Nf3 Nc6 4. g3 g6 5. Bg2 Bg7 6. O-O O-O 7. d3 d6 8. Rb1
Rb8 9. a3 a6 10. b4 cxb4 11. axb4 b5 12. cxb5 axb5 13. h3 Bd7 14. Bd2 Ne8 15.
Ne4 Nf6 16. Nxf6+ Bxf6 17. Bh6 Re8 18. Ng5 Nd4 19. Ne4 Bh8 20. Qd2 Rc8 21. e3
Nf5 22. Bg5 h6 23. g4 hxg5 24. gxf5 Bxf5 25. Nxg5 Bc3 26. Qe2 Bf6 27. Ne4 Bxe4
28. Bxe4 Kg7 29. Rfc1 Qd7 30. Bg2 Rh8 31. d4 Rh5 32. Qf3 Rch8 33. Qg4 e6 34.
Qf3 d5 35. Qe2 Rg5 36. f4 Rg3 37. Kh2 Bh4 38. Rg1 Rc8 39. Bf1 Rxg1 40. Kxg1 Be7
41. Qd2 Qc6 42. Kf2 Qa6 43. Bd3 Qa3 44. Bxb5 Rb8 45. Be2 Rxb4 46. Rxb4 Bxb4 47.
Qd1 Qb2 48. Kf3 Bd2 49. Qf1 Qc3 50. Bd3 Qc1 51. Qxc1 Bxc1 1/2-1/2

[Event "Gausdal Classics IM-A"]
[Site "Gausdal"]
[Date "2001.04.16"]
[Round "2"]
[White "Carlsen, Magnus"]
[Black "Hole, Oystein"]
[Result "0-1"]
[WhiteElo "2064"]
[BlackElo "2245"]
[PlyCount "72"]
[EventDate "2001.04.15"]
[EventType "tourn"]
[EventRounds "9"]
[EventCountry "NOR"]

1. e4 c6 2. d4 d5 3. e5 Bf5 4. Nf3 e6 5. Be2 Nd7 6. O-O Ne7 7. b3 h6 8. c4 Ng6
9. Nc3 Be7 10. Be3 O-O 11. Ne1 Bb4 12. Rc1 Qa5 13. Bd2 Nf4 14. Bxf4 Bxc3 15.
Bd3 Bxd3 16. Qxd3 Bxe1 17. Rfxe1 dxc4 18. bxc4 Rfd8 19. Qg3 Kh8 20. Re3 Nf8 21.
Rf3 Rd7 22. Be3 Qd8 23. h4 Ng6 24. h5 Nh4 25. Rf4 Nf5 26. Qf3 Nxd4 27. Bxd4
Rxd4 28. Rxf7 Qg5 29. Re1 Rxc4 30. Rxb7 Rf4 31. Qxc6 Raf8 32. Qxe6 Rxf2 33. Qh3
Qd2 34. Rbb1 Qd4 35. Qe3 Rf1+ 36. Kh2 Qxe3 0-1

[Event "Gausdal Classics IM-A"]
[Site "Gausdal"]
[Date "2001.04.15"]
[Round "1"]
[White "Carlsen, Magnus"]
[Black "Vegh, Endre"]
[Result "0-1"]
[WhiteElo "2064"]
[BlackElo "2305"]
[PlyCount "68"]
[EventDate "2001.04.15"]
[EventType "tourn"]
[EventRounds "9"]
[EventCountry "NOR"]

1. e4 c5 2. Nf3 e6 3. d4 cxd4 4. Nxd4 Nf6 5. Nc3 Qb6 6. Nb3 Bb4 7. Bd3 d6 8.
O-O Bxc3 9. bxc3 e5 10. h3 O-O 11. Be3 Qc6 12. Qf3 Qxc3 13. Qg3 Kh8 14. f4 Nbd7
15. fxe5 dxe5 16. Rf2 b6 17. Raf1 Bb7 18. Qh4 Qc6 19. Nd2 Rae8 20. Bg5 Re6 21.
Kh2 Kg8 22. Rf3 h6 23. Be3 Nh7 24. Rg3 Kh8 25. Rgf3 Rf6 26. Bc4 Rxf3 27. Rxf3
Ndf6 28. Qg3 Nxe4 29. Nxe4 Qxe4 30. Bxf7 Qxc2 31. Rf2 Qc7 32. Qg6 Qc6 33. Be6
Rxf2 34. Bxf2 Ng5 0-1

[Event "NOR-ch op"]
[Site "Oslo"]
[Date "2001.04.14"]
[Round "9"]
[White "Badea, Bela"]
[Black "Carlsen, Magnus"]
[Result "1-0"]
[WhiteElo "2492"]
[BlackElo "2064"]
[PlyCount "77"]
[EventDate "2001.04.07"]
[EventType "swiss"]
[EventRounds "9"]
[EventCountry "NOR"]

1. Nf3 Nf6 2. g3 b6 3. Bg2 Bb7 4. O-O c5 5. d3 e6 6. e4 d6 7. Re1 Be7 8. c4 O-O
9. Nc3 Nbd7 10. d4 cxd4 11. Nxd4 Qb8 12. f4 Rc8 13. b3 Bf8 14. Be3 a6 15. Rc1
Ra7 16. Bf2 Ba8 17. f5 Re8 18. g4 exf5 19. Nxf5 Nc5 20. Ng3 Rae7 21. Nd5 Bxd5
22. exd5 Rxe1+ 23. Bxe1 Rxe1+ 24. Qxe1 Nd3 25. Qd1 Nxc1 26. g5 Nxa2 27. gxf6
Nb4 28. fxg7 Bxg7 29. Be4 Qe8 30. Qg4 Kh8 31. Kf1 Qd8 32. Nh5 Be5 33. Qf5 Qg8
34. Nf6 Bxf6 35. Qxf6+ Qg7 36. Qd8+ Qg8 37. Qxd6 a5 38. Qxb6 Qe8 39. Qh6 1-0

[Event "NOR-ch op"]
[Site "Oslo"]
[Date "2001.04.13"]
[Round "8"]
[White "Carlsen, Magnus"]
[Black "Johansen, Svein Age"]
[Result "1-0"]
[WhiteElo "2064"]
[BlackElo "2159"]
[PlyCount "65"]
[EventDate "2001.04.07"]
[EventType "swiss"]
[EventRounds "9"]
[EventCountry "NOR"]

1. e4 Nf6 2. Nc3 d5 3. e5 Ne4 4. Nce2 d4 5. d3 Nc5 6. f4 Nc6 7. Nf3 Bg4 8. Ng3
e6 9. Be2 Be7 10. O-O h5 11. h3 h4 12. Nh1 Bf5 13. Nf2 Qd7 14. c4 f6 15. b3 a5
16. a3 a4 17. b4 Nb3 18. Rb1 Nxc1 19. Rxc1 fxe5 20. b5 Na5 21. Nxe5 Qd6 22.
Bh5+ g6 23. Nxg6 O-O-O 24. Nxh8 Rxh8 25. Ne4 Qxa3 26. Ra1 Qb3 27. Rxa4 Rxh5 28.
Qxh5 Qxa4 29. Qe8+ Bd8 30. Nc5 Qa3 31. Qd7+ Kb8 32. Qxd8+ Ka7 33. Qxc7 1-0

[Event "NOR-chT qualifier"]
[Site "Norway"]
[Date "2001.??.??"]
[Round "3"]
[White "Andersen, Rune"]
[Black "Carlsen, Magnus"]
[Result "0-1"]
[WhiteElo "2057"]
[BlackElo "2072"]
[PlyCount "64"]
[EventDate "2001.11.??"]
[EventType "team"]
[EventRounds "9"]
[EventCountry "NOR"]

1. d4 Nf6 2. c4 e6 3. Nc3 Bb4 4. e3 O-O 5. Bd3 d5 6. Nf3 c5 7. a3 Bxc3+ 8. bxc3
dxc4 9. Bxc4 Qc7 10. Be2 Nc6 11. O-O Rd8 12. Qc2 e5 13. dxe5 Nxe5 14. Bb2 Nxf3+
15. Bxf3 Bg4 16. Be2 Bxe2 17. Qxe2 c4 18. Rad1 Nd7 19. Qg4 Ne5 20. Qg3 Qe7 21.
f4 Rxd1 22. Rxd1 Nd3 23. Bc1 Rd8 24. Qg5 f6 25. Qa5 b6 26. Qb5 Nxc1 27. Rxd8+
Qxd8 28. Qxc4+ Kh8 29. e4 Qd1+ 30. Kf2 Qd2+ 31. Kf3 Qd3+ 32. Qxd3 Nxd3 0-1